Jacob Leisler : a play of old New York /

Saved in:
Bibliographic Details
Main Author: Bates, William Oscar, 1852-
Format: eBook
Language:English
Published: New York : Mitchell Kennerley, 1913.
Subjects:
Online Access:http://hdl.loc.gov/loc.gdc/scd0001.00186021411
LEADER 01212cam a2200301 a 4500
001 c000391594
003 CARM
005 20120925154915.0
007 cr |||||||||||
008 120925s1913 nyuag 000 d eng d
010 |a 13017343 
019 1 |a 69841775  |5 LACONCORD2021 
035 |a (OCoLC)4506720  |5 LACONCORD2021 
040 |a DLC  |b eng  |c OCl  |d TNJ  |d DLC 
042 |a premarc 
050 0 0 |a PS3503.A858  |b J2 1913 
100 1 |a Bates, William Oscar,  |d 1852- 
245 1 0 |a Jacob Leisler :  |b a play of old New York /  |c by William O. Bates; with an introductory note by Mrs. Schuyler Van Rensselaer. 
260 |a New York :  |b Mitchell Kennerley,  |c 1913. 
300 |a xi, 248 p. :  |b front., music ;  |c 20 cm. 
530 |a Also available in digital form on the Internet Archive Web site. 
600 1 0 |a Leisler, Jacob,  |d d. 1691. 
852 8 |b CARM  |p 0588307  |f BK 
852 8 |b SCAN  |h A3:AG05A0  |i A05727  |p 0588307  |f BK 
856 4 1 |u http://hdl.loc.gov/loc.gdc/scd0001.00186021411 
999 f f |i 141ab9d2-c320-5878-92aa-015b4a8b65c1  |s a49cef55-4af3-554f-8a65-04c827cf5c71 
952 f f |p Can circulate  |a CAVAL  |b CAVAL  |c CAVAL  |d CARM 1 Store  |i book  |m 0588307 
952 f f |a CAVAL  |b CAVAL  |c CAVAL  |d Unmapped Location  |e A05727  |f A3:AG05A0  |h Other scheme